| 000 | 00674cam a2200205 a 4500 | ||
|---|---|---|---|
| 020 | _a9780738213491 | ||
| 050 | 0 | 0 |
_aRJ61 _b.P21 2009 |
| 100 | 1 |
_aPantell, Robert H., _d1945- |
|
| 245 | 1 | 0 |
_aTaking care of your child : _ba parent's illustrated guide to complete medical care / _cRobert H. Pantell, Donald M. Vickery, James F. Fries. |
| 250 | _a8th ed. | ||
| 260 |
_aPhiladelphia, PA : _bDa Capo/Life Long, _c2009. |
||
| 300 | _axxiv, 520 p. : | ||
| 500 | _aIncludes index. | ||
| 650 | 0 |
_xHealth and hygiene _vPopular works. |
|
| 650 | 0 | _xHome care. | |
| 650 | 0 |
_xDiseases _vPopular works. |
|
| 700 | 1 | _aVickery, Donald M. | |
| 700 | 1 | _aFries, James F. | |
| 942 |
_2lcc _cGEN |
||
| 999 |
_c4292 _d4292 |
||